Closest country acrostics- N and O countries - Statistics

General Stats
  • This quiz has been taken 569 times
  • The average score is 57 of 75
Answer Stats
Hint Answer % Correct
A Angola
95%
N Nigeria
91%
B Botswana
90%
M Mozambique
90%
N Nauru
89%
E Estonia
88%
D Denmark
87%
N Norway
87%
Z Zimbabwe
87%
A Australia
86%
L Luxembourg
86%
H Hungary
85%
N New Zealand
85%
N Nigeria
85%
A Australia
84%
A Austria
84%
N Niger
83%
O Oman
83%
O Oman
83%
P Pakistan
83%
R Romania
83%
Y Yemen
83%
L Laos
82%
N Netherlands
82%
A Algeria
81%
S Switzerland
81%
C Costa Rica
80%
A Afghanistan
79%
G Ghana
79%
G Ghana
79%
G Guatemala
79%
U Uzbekistan
79%
A Antigua and Barbuda
78%
A Austria
78%
I Israel
78%
R Russia
78%
U United States
78%
L Laos
77%
R Russia
77%
R Russia
77%
U United States
77%
A Argentina
76%
E East Timor
76%
I Iraq
76%
N North Korea
76%
I Italy
75%
A Angola
74%
I Italy
74%
N Nepal
74%
H Hungary
73%
E Egypt
72%
T Taiwan
72%
E Equatorial Guinea
71%
E Equatorial Guinea
70%
I Israel
70%
E Eritrea
69%
N Niger
69%
R Romania
68%
A Afghanistan
67%
K Kyrgyzstan
67%
N North Korea
67%
T Tunisia
67%
E East Timor
66%
I Iceland
64%
N Nepal
64%
R Republic of the Congo
64%
A Argentina
63%
R Republic of the Congo
63%
R Romania
62%
A Afghanistan
61%
E Ecuador
60%
N Netherlands
60%
D Dominican Republic
57%
M Maldives
56%
A Andorra
53%
No matching quizzes found
Score Distribution
Percent of People with Each Score
Percentile by Number Answered
Your Score History
You have not taken this quiz